| 000 | 00673cab a2200229 4500 | ||
|---|---|---|---|
| 001 | ABS52488 | ||
| 008 | 090401t1995 xxu||||| |||| 00| 0 eng d | ||
| 035 | _a(Sirsi) u81539 | ||
| 041 | _aeng | ||
| 100 | _aBurton, M. | ||
| 245 | _aRoom for improvement | ||
| 260 | _c1995 | ||
| 350 | _a0 | ||
| 490 |
_aMunicipal Journal _v(9) 3-9 March 1995, 14-15(2) |
||
| 520 | _aReports on the findings of an Audit Commission study into the effectiveness of local authorities` implementation of CCT. | ||
| 650 | _aCOMPULSORY COMPETITIVE TENDERING | ||
| 650 | _aLOCAL AUTHORITIES | ||
| 650 | _aSERVICES | ||
| 690 | _aECONOMIC AND SOCIAL | ||
| 942 | _n0 | ||
| 948 | _c04/03/1997 | ||
| 999 |
_c51376 _d51376 |
||